<?xml version="1.0" encoding="UTF-8"?>
<marc:record xmlns:marc="http://www.loc.gov/MARC21/slim">
   <marc:leader>00000nam a2200000 a 4500</marc:leader>
   <marc:datafield ind1="1" ind2=" " tag="100">
      <marc:subfield code="a">Bechloch, Anita</marc:subfield>
      <marc:subfield code="4">aut</marc:subfield>
      <marc:subfield code="e">Verfasser/-in</marc:subfield>
   </marc:datafield>
   <marc:datafield ind1=" " ind2=" " tag="653">
      <marc:subfield code="a">Duschgel lippenstift handcreme seifen kosmetik Gesichtspflege körperpflege masken shampoo selber machen</marc:subfield>
   </marc:datafield>
   <marc:datafield ind1=" " ind2=" " tag="653">
      <marc:subfield code="a">Naturkosmetik selber machen buch das handbuch rezepte gu deo shampoo gesichtscreme duschgel</marc:subfield>
   </marc:datafield>
   <marc:datafield ind1=" " ind2=" " tag="653">
      <marc:subfield code="a">reine haut bekommen vitamine vegan lebensmittel für schöne haut von innen beauty produkte selber machen</marc:subfield>
   </marc:datafield>
   <marc:datafield ind1=" " ind2=" " tag="653">
      <marc:subfield code="a">reine schöne haut hobbythek vegane pflegeprodukte conditioner selber machen buch</marc:subfield>
   </marc:datafield>
   <marc:datafield ind1=" " ind2=" " tag="653">
      <marc:subfield code="a">skin food was hilft gegen mitesser kosmetik gesichtswasser bodylotion selber machen selbst herstellen</marc:subfield>
   </marc:datafield>
   <marc:datafield ind1=" " ind2=" " tag="653">
      <marc:subfield code="a">Softcover / Ratgeber/Hobby</marc:subfield>
   </marc:datafield>
   <marc:datafield ind1=" " ind2=" " tag="653">
      <marc:subfield code="a">Haus/Kreatives Gestalten</marc:subfield>
   </marc:datafield>
   <marc:datafield ind1=" " ind2=" " tag="653">
      <marc:subfield code="a">reine;haut;bekommen;vitamine;vegan;lebensmittel;für;schöne;von;innen;beauty;produkte;selber;machen</marc:subfield>
   </marc:datafield>
   <marc:datafield ind1=" " ind2=" " tag="653">
      <marc:subfield code="a">Anleitung</marc:subfield>
   </marc:datafield>
   <marc:datafield ind1=" " ind2=" " tag="653">
      <marc:subfield code="a">Kochbuch</marc:subfield>
   </marc:datafield>
   <marc:datafield ind1="0" ind2="0" tag="245">
      <marc:subfield code="a">The glow code</marc:subfield>
   </marc:datafield>
   <marc:datafield ind1="0" ind2="0" tag="245">
      <marc:subfield code="b">Skin-Food und Naturkosmetik zum Selbermachen</marc:subfield>
   </marc:datafield>
   <marc:datafield ind1="0" ind2="0" tag="245">
      <marc:subfield code="c">Anita Bechloch</marc:subfield>
   </marc:datafield>
   <marc:datafield ind1=" " ind2="1" tag="264">
      <marc:subfield code="a">München</marc:subfield>
      <marc:subfield code="b">Gräfe und Unzer Verlag GmbH</marc:subfield>
      <marc:subfield code="c">2017</marc:subfield>
   </marc:datafield>
   <marc:datafield ind1=" " ind2=" " tag="250">
      <marc:subfield code="a">1. Auflage</marc:subfield>
   </marc:datafield>
   <marc:datafield ind1="1" ind2=" " tag="520">
      <marc:subfield code="a">Angaben aus der Verlagsmeldung

The Glow Code : Skin-Food und Naturkosmetik zum Selbermachen. Das 28-Tage-Programm für leuchtend schöne Haut / von Anita Bechloch

In nur 28 Tagen zu strahlend schöner, gesunder Haut? Dieses Buch zeigt Ihnen wie Sie mit dem 28-Tage-Programm die Ursachen von vorzeitiger Hautalterung und Hautproblemen mit selbstgemachter Naturkosmetik und Skin-Food angehen können. Der erste Baustein ist die selbst hergestellte Hautpflege aus komplett natürlichen Zutaten. Das Gute dabei: Alle Pflegeprodukte kommen mit wenigen Zutaten aus und sind dadurch günstig und zudem im Handumdrehen angerührt. Ob für den Körper, das Gesicht oder die Haare - nach und nach wird die konventionelle Kosmetik durch "grüne" Produkte ersetzt. Zudem versorgen leckere Skin-Food-Rezepte nach dem Clean-Eating-Prinzip die Haut von innen mit wertvollen Nährstoffen. Praktische Tipps zu Face Gym, Massagen und Meditation runden den ganzheitlichen Ansatz des Programms ab. Sie werden nach 28 Tagen so begeistert von Ihrem Hautbild sein, dass Sie den neuen, gesunden Lifestyle weiterhin in Ihren Alltag integrieren werden.
</marc:subfield>
   </marc:datafield>
   <marc:datafield ind1=" " ind2=" " tag="020">
      <marc:subfield code="a">9783833858536</marc:subfield>
      <marc:subfield code="9">9783833858536</marc:subfield>
   </marc:datafield>
   <marc:datafield ind1=" " ind2=" " tag="020">
      <marc:subfield code="a">3833858532</marc:subfield>
      <marc:subfield code="9">3833858532</marc:subfield>
   </marc:datafield>
   <marc:datafield ind1=" " ind2=" " tag="041">
      <marc:subfield code="a">ger</marc:subfield>
   </marc:datafield>
   <marc:datafield ind1=" " ind2=" " tag="300">
      <marc:subfield code="a">144 Seiten</marc:subfield>
   </marc:datafield>
</marc:record>
